Van Gogh
Guardat en:
| Autor principal: | |
|---|---|
| Format: | Llibre |
| Idioma: | espanyol |
| Publicat: |
Buenos Aires
Viscontea
1983
|
| Col·lecció: | Los Grandes Pintores, 2
|
| Matèries: | |
| Etiquetes: |
Afegir etiqueta
Sense etiquetes, Sigues el primer a etiquetar aquest registre!
|
MARC
| LEADER | 00000cam a2200000 a 4500 | ||
|---|---|---|---|
| 001 | UCZ3502 | ||
| 003 | CL-VaPUC | ||
| 008 | 951027e19830000AG |||||||||||||||||spa|d | ||
| 082 | 0 | 4 | |a 759.9492 |b MAR |2 21 |
| 100 | |a Martini, Alberto |e autor |9 573368 | ||
| 245 | 1 | 0 | |a Van Gogh |
| 300 | |a 16 p | ||
| 942 | |c BK | ||
| 945 | |d 19951027 00:00:00 |a rbrito | ||
| 260 | |a Buenos Aires |b Viscontea |c 1983 | ||
| 600 | 0 | 7 | |a GOGH, VINCENT VAN |2 CL-VaPUC |9 266905 |
| 650 | 0 | |a Pintura holandesa |9 267860 | |
| 650 | 7 | |a PINTORES HOLANDESES |2 CL-VaPUC |9 347275 | |
| 650 | 0 | |a Crítica e interpretación |9 255042 | |
| 651 | 0 | |a Holanda |9 267234 | |
| 583 | |a last modification |c 20150505 12:59:50 |k Rodrigo Vera | ||
| 490 | 0 | |a Los Grandes Pintores, 2 | |
| 999 | |c 239973 |d 239971 | ||
| 952 | |0 0 |1 0 |3 erb |4 0 |6 759_949200000000000_MAR_1983 |7 0 |8 A |9 251543 |a BIBART |b BIBART |i 5043689 |o 759.9492 MAR 1983 |p 5043689 |r 2025-03-13 |w 2019-11-18 |y BK |z Catalogado en:20140324 |k ART | ||